书目信息 |
| 题名: |
民国文坛名流归宿
|
|
| 作者: | 邢建榕 主编 | |
| 分册: | ||
| 出版信息: | 上海 上海书店出版社 1999.03 |
|
| 页数: | 412页 | |
| 开本: | 32开 | |
| 丛书名: | ||
| 单 册: | ||
| 中图分类: | K820.6 | |
| 科图分类: | ||
| 主题词: | 人物--传记--中国 | |
| 电子资源: | ||
| ISBN: | 7-80622-309-6 | |
| 000 | 00567nam0 2200193 45 | |
| 001 | 0012041491 | |
| 005 | 20001204144111.8 | |
| 010 | @a7-80622-309-6@d22.00元 | |
| 100 | @a20001204d1999 km y0chiy0120 ea | |
| 101 | 0 | @achi |
| 105 | @a z 000yy@AMin Guo Wen Tan Ming Liu Gui Su | |
| 200 | 1 | @a民国文坛名流归宿@f邢建榕主编@FXing Jian Rong Zhu Bian |
| 210 | @a上海@c上海书店出版社@d1999.03 | |
| 215 | @a412页@d32开 | |
| 606 | 0 | @a人物@x传记@x中国 |
| 690 | @aK820.6@v3 | |
| 701 | 0 | @a邢建榕@4主编 |
| 801 | @aCN@bPftUser@c20001204 | |
| 905 | @b513117-119@dK820.6@eX733@f3 | |
| 民国文坛名流归宿/邢建榕主编.-上海:上海书店出版社,1999.03 |
| 412页;32开 |
| ISBN 7-80622-309-6:22.00元 |
| ● |
| 相关链接 |
|
|
|
正题名:民国文坛名流归宿
索取号:K820.6/X733
 
预约/预借
| 序号 | 登录号 | 条形码 | 馆藏地/架位号 | 状态 | 备注 |
| 1 | 513117 | 205131178 | 社科库309/309社科库 44排7列6层/ [索取号:K820.6/X733] | 在馆 | |
| 2 | 513118 | 205131187 | 社科库309/309社科库 44排7列6层/ [索取号:K820.6/X733] | 在馆 | |
| 3 | 513119 | 205131196 | 社科库309/309社科库 44排7列6层/ [索取号:K820.6/X733] | 在馆 |